|
|
|
|
| LEADER |
01092nam a2200265 a 4500 |
| 001 |
41424 |
| 003 |
BD-DhAAL |
| 008 |
230824t1985 enk b 001 0 eng d |
| 010 |
|
|
|a 84027992
|
| 020 |
|
|
|a 0631142738 :
|c $34.95
|
| 040 |
|
|
|a DLC
|c DLC
|d DLC
|d BD-DhAAL
|
| 050 |
0 |
0 |
|a JC131
|b .J67 1985
|
| 082 |
0 |
0 |
|a 320.1
|
| 100 |
1 |
|
|a Jordan, Bill,
|d 1941-
|9 11868
|
| 245 |
1 |
4 |
|a The state :
|b authority and autonomy /
|c Bill Jordan.
|
| 260 |
|
|
|a Oxford [Oxfordshire] ;
|a New York, NY :
|b Blackwell,
|c 1985.
|
| 300 |
|
|
|a viii, 376 pages ;
|c 24 cm.
|
| 504 |
|
|
|a Includes bibliographical references (pages [361]-363) and index.
|
| 541 |
|
|
|a RS, Savar
|e 41424
|
| 650 |
|
0 |
|a State, The.
|
| 650 |
|
0 |
|a Comparative government.
|
| 852 |
|
|
|a Ayesha Abed Library
|c General Stacks
|
| 942 |
|
|
|2 ddc
|c BK
|
| 999 |
|
|
|c 46107
|d 46107
|
| 952 |
|
|
|0 0
|1 0
|2 ddc
|4 0
|6 320_100000000000000_JOR
|7 0
|9 74292
|a SCL
|b SCL
|c GEN
|d 2023-08-24
|e RS, Savar
|l 0
|o 320.1 JOR
|p 3020041424
|r 2023-08-24
|t 1
|w 2023-08-24
|y BK
|x As directed by University Librarian (30.05.2023), the accession of this book has been renewed. Previous Accession no of TARC, Savar: 3830
|